Alle Stadien bei Fußball Turnieren in Deutschland (EM+WM) - Statistiken

Allgemein
  • Dieses Quiz wurde 329 mal gespielt
    327 seit der letzten Aktualisierung
  • Das Durchschnittsergebnis liegt bei 11 aus 16
Antwortstatistiken
Anz. Turniere Antwort % Korrekt
3 WM 2006, EM 2021*,EM 2024 Allianz Arena (München)
92%
3 WM 1974, WM 2006, EM 2024 Westfalenstadion (Dortmund)
90%
4 WM 1974, EM 1988, WM 2006, EM 2024 Volkspark (Hamburg)
82%
3 WM 1974, WM 2006,EM 2024 Olympiastadion Berlin
80%
4 WM 1974, EM 1988, WM 2006, EM 2024 Neckarstadion (Stuttgart)
78%
2 WM 2006, EM 2024 Veltins-Arena (Gelsenkirchen)
77%
2 WM 1974, EM 1988 Olympiastadion München
74%
4 WM 1974, EM 1988, WM 2006, EM 2024 Waldstadion (Frankfurt)
72%
2 WM 2006, EM 2024 Zentralstadion (Leipzig)
72%
3 EM 1988, WM 2006, EM 2024 Müngersdorfer Stadion (Köln)
67%
1 WM 2006 Max-Morlock-Stadion (Nürnberg)
59%
1 WM 2006 Fritz-Walter-Stadion (Kaiserslautern)
55%
3 WM 1974, EM 1988, WM 2006 Niedersachsenstadion (Hannover)
52%
1 EM 2024 Merkur Spiel-Arena (Düsseldorf)
47%
2 WM 1974, EM 1988 Parkstadion (Gelsenkirchen)
33%
2 WM 1974, EM 1988 Rheinstadion (Düsseldorf)
23%
Keine übereinstimmenden Quizze gefunden
Verteilung der Resultate
Anzahl Personen mit jedem Resultat
Perzentil nach korrekt beantworteten Fragen
Ihre Resultats-Entwicklung
Sie haben dieses Quiz seit der letzten Aktualisierung nicht gespielt